| 000 | 00731cab a2200193 4500 | ||
|---|---|---|---|
| 001 | WB2401-23 | ||
| 008 | 090401t1987 xxu||||| |||| 00| 0 eng d | ||
| 035 | _a(Sirsi) u93946 | ||
| 041 | _aeng | ||
| 245 | _aRepairs compulsory for listed building | ||
| 260 | _c1987 | ||
| 350 | _a0 | ||
| 490 |
_aDaily Telegraph _v29/12/87 p4 |
||
| 520 | _aIn the first use by English Heritage of an Emergency Repairs Notice , the owners of a Grade 1 listed building , Revesby Abbey in Lincolnshire , will receive a 90,000 bill for compulsory repairs from the Government funded body, who has sent in its own team to carry out repairs. | ||
| 650 | _aDETERIORATION | ||
| 690 | _aPLANNING LAW AND PRACTICE | ||
| 942 | _n0 | ||
| 948 | _c04/03/1997 | ||
| 999 |
_c59538 _d59538 |
||